[Event "Avoine op 33rd"]
[Site "Avoine"]
[Date "2018.07.24"]
[Round "4"]
[White "Coiffait, Pierre Basile"]
[Black "Dessenne, Francois"]
[Result "1-0"]
[WhiteElo "2253"]
[BlackElo "2038"]
[PlyCount "79"]
[EventDate "2018.07.21"]
[EventType "swiss"]
[EventRounds "9"]
[EventCountry "FRA"]
[SourceTitle "CBM 185 Extra"]
[Source "ChessBase"]
[SourceDate "2018.07.29"]
[SourceVersion "1"]
[SourceVersionDate "2018.07.29"]
[SourceQuality "1"]

1. e4 c5 2. Nf3 Nc6 3. Bb5 g6 4. Bxc6 dxc6 5. h3 Bg7 6. d3 Nf6 7. Nc3 e5 8. 0-0 Nd7 9. Be3 Qe7 10. Qd2 h6 11. Rae1 Nf8 12. Nh2 Ne6 13. Ne2 b6 14. b3 Ba6 15. a4 Rd8 16. Qc1 Bc8 17. Kh1 Kf8 18. f4 exf4 19. Nxf4 Kg8 20. Nxe6 Bxe6 21. Bf4 Kh7 22. Nf3 Rhe8 23. Bg3 Rf8 24. Qe3 f6 25. Bh4 Qd7 26. e5 Bd5 27. exf6 Bxf6 28. Bxf6 Rxf6 29. Ne5 Rxf1+ 30. Rxf1 Re8 31. Kh2 Qe6 32. Re1 Qf5 33. Qg3 Kg7 34. Nxg6 Rxe1 35. Nh4+ Qg5 36. Qxe1 Kf6 37. Qf2+ Ke6 38. Qe1+ Kf6 39. Qf2+ Ke6 40. c4 1-0

[Event "Avoine op 33rd"]
[Site "Avoine"]
[Date "2018.07.22"]
[Round "2"]
[White "Shirazi, Kamran"]
[Black "Dessenne, Francois"]
[Result "1/2-1/2"]
[WhiteElo "2330"]
[BlackElo "2038"]
[PlyCount "55"]
[EventDate "2018.07.21"]
[EventType "swiss"]
[EventRounds "9"]
[EventCountry "FRA"]
[SourceTitle "CBM 185 Extra"]
[Source "ChessBase"]
[SourceDate "2018.07.29"]
[SourceVersion "1"]
[SourceVersionDate "2018.07.29"]
[SourceQuality "1"]

1. e4 c5 2. Nf3 Nc6 3. Bb5 g6 4. 0-0 Bg7 5. Re1 Nf6 6. h3 0-0 7. a4 a6 8. Bxc6 dxc6 9. a5 b5 10. axb6 Rb8 11. d3 Nd7 12. c4 Qxb6 13. Nc3 Rd8 14. Ra3 Nf8 15. Na4 Qa7 16. Bf4 Rb4 17. Bd2 Ne6 18. Bxb4 cxb4 19. Ra2 Nf4 20. b3 Bxh3 21. g3 Ne6 22. Nh2 Qd4 23. Nf3 Qa7 24. Nh2 Qd4 25. Nf3 Qa7 26. Qd2 a5 27. Nh2 Nd4 28. Qd1 1/2-1/2

[Event "Avoine op 29th"]
[Site "Avoine"]
[Date "2014.07.19"]
[Round "1"]
[White "Dessenne, Francois"]
[Black "Lukasiewicz, Grzegorz"]
[Result "0-1"]
[WhiteElo "1994"]
[BlackElo "2265"]
[PlyCount "82"]
[EventDate "2014.07.19"]
[EventType "swiss"]
[EventRounds "9"]
[EventCountry "FRA"]
[SourceTitle "CBM 161 Extra"]
[Source "ChessBase"]
[SourceDate "2014.08.29"]
[SourceVersion "1"]
[SourceVersionDate "2014.08.29"]
[SourceQuality "1"]

1. d4 d5 2. Nf3 c6 3. c4 Nf6 4. Nc3 Bf5 5. cxd5 cxd5 6. Qb3 Bc8 7. Bg5 e6 8. e3 a6 9. Bd3 Be7 10. Ne5 Nc6 11. Nxc6 bxc6 12. 0-0 c5 13. dxc5 Bxc5 14. Bxf6 gxf6 15. e4 d4 16. Na4 Ba7 17. Rfc1 0-0 18. Qd1 Qa5 19. Qg4+ Kh8 20. b3 Bb7 21. Nb2 Rg8 22. Qf4 Rg6 23. Qc7 Qg5 24. g3 Rc8 25. f4 Rxc7 26. fxg5 Rd7 27. gxf6 Rxf6 28. Rf1 Rxf1+ 29. Kxf1 Kg7 30. Ke2 f5 31. exf5 e5 32. Rf1 Kf6 33. g4 e4 34. Bc4 Bc5 35. g5+ Kxg5 36. f6 Rd8 37. Be6 d3+ 38. Kd1 e3 39. Rf5+ Kg6 40. Rxc5 Bf3+ 41. Kc1 d2+ 0-1

[Event "Avoine op 27th"]
[Site "Avoine"]
[Date "2012.07.26"]
[Round "6"]
[White "Perez, Alexandre2222"]
[Black "Dessenne, Francois"]
[Result "0-1"]
[WhiteElo "1792"]
[BlackElo "2030"]
[PlyCount "61"]
[EventDate "2012.07.21"]
[EventType "swiss"]
[EventRounds "9"]
[EventCountry "FRA"]
[SourceTitle "CBM 149 Extra"]
[Source "ChessBase"]
[SourceDate "2012.08.24"]
[SourceVersion "1"]
[SourceVersionDate "2012.08.24"]
[SourceQuality "1"]

1. e4 e5 2. Nf3 Nc6 3. Bc4 Nf6 4. d3 Bc5 5. h3 d6 6. c3 Bb6 7. Be3 Qe7 8. Nbd2 h6 9. Qc2 Be6 10. 0-0 g5 11. d4 Bxc4 12. Nxc4 exd4 13. Nxd4 Qxe4 14. Qxe4+ Nxe4 15. Nxb6 axb6 16. Nxc6 bxc6 17. Bd4 0-0 18. f4 c5 19. Be3 Rfe8 20. fxg5 hxg5 21. Rf3 Kg7 22. Raf1 f6 23. h4 g4 24. Rf4 g3 25. Rg4+ Kf7 26. h5 Nxc3 27. Bg5 Ne4 28. Bh4 d5 29. h6 Rg8 30. Rgf4 Rg6 31. Rf5 0-1

[Event "Avoine op 27th"]
[Site "Avoine"]
[Date "2012.07.24"]
[Round "4"]
[White "Binois, Rudy"]
[Black "Dessenne, Francois"]
[Result "1/2-1/2"]
[WhiteElo "1830"]
[BlackElo "2030"]
[PlyCount "55"]
[EventDate "2012.07.21"]
[EventType "swiss"]
[EventRounds "9"]
[EventCountry "FRA"]
[SourceTitle "CBM 149 Extra"]
[Source "ChessBase"]
[SourceDate "2012.08.24"]
[SourceVersion "1"]
[SourceVersionDate "2012.08.24"]
[SourceQuality "1"]

1. c4 e5 2. Nc3 Nc6 3. Nf3 Nf6 4. d4 exd4 5. Nxd4 Bb4 6. Nxc6 Bxc3+ 7. bxc3 bxc6 8. Bg5 h6 9. Bh4 d6 10. Qd4 g5 11. Bg3 c5 12. Qd3 Bb7 13. f3 Nh5 14. Bf2 Qf6 15. g3 Ng7 16. h4 g4 17. Bg2 Rg8 18. Rh2 Ne6 19. f4 Bxg2 20. Rxg2 Rb8 21. Rd1 Ke7 22. e4 Rb2 23. e5 dxe5 24. f5 Rd8 25. Qxd8+ Nxd8 26. Bxc5+ Ke8 27. Rxb2 Nc6 28. Rf2 1/2-1/2

[Event "Avoine op 26th"]
[Site "Avoine"]
[Date "2011.07.26"]
[Round "4"]
[White "Gendre, Pascal"]
[Black "Dessenne, Francois"]
[Result "0-1"]
[WhiteElo "1940"]
[BlackElo "2078"]
[PlyCount "36"]
[EventDate "2011.07.23"]
[EventType "swiss"]
[EventRounds "9"]
[EventCountry "FRA"]
[SourceTitle "EXT 2012"]
[Source "ChessBase"]
[SourceDate "2011.11.24"]
[SourceVersion "1"]
[SourceVersionDate "2011.11.24"]
[SourceQuality "1"]

1. d4 Nf6 2. c4 c5 3. Nf3 cxd4 4. Nxd4 e5 5. Nf3 Nc6 6. Nc3 Bb4 7. e3 0-0 8. Bd2 e4 9. Nd4 Nxd4 10. exd4 d5 11. c5 Ng4 12. Qb3 Nxf2 13. Kxf2 Qf6+ 14. Ke3 Qg5+ 15. Ke2 Bg4+ 16. Ke1 e3 17. Bc1 Qf4 18. Be2 Bxc3+ 0-1

[Event "Cappelle op 27th"]
[Site "Cappelle la Grande"]
[Date "2011.03.03"]
[Round "7"]
[White "Dessenne, Francois"]
[Black "Marholev, Dimitar"]
[Result "0-1"]
[WhiteElo "2065"]
[BlackElo "2401"]
[PlyCount "62"]
[EventDate "2011.02.26"]
[EventType "swiss"]
[EventRounds "9"]
[EventCountry "FRA"]
[SourceTitle "CBM 141 Extra"]
[Source "ChessBase"]
[SourceDate "2011.05.03"]
[SourceVersion "1"]
[SourceVersionDate "2011.05.03"]
[SourceQuality "1"]

1. e4 e5 2. Nf3 Nc6 3. Bb5 g6 4. c3 a6 5. Ba4 d6 6. d4 Bd7 7. 0-0 Bg7 8. Be3 Nf6 9. Nbd2 0-0 10. Re1 b5 11. Bb3 h6 12. dxe5 dxe5 13. a3 Re8 14. Bc5 Na5 15. Ba2 Nb7 16. Be3 c5 17. c4 Bc6 18. Qc2 Qe7 19. h3 b4 20. Nh2 a5 21. a4 Nd8 22. f3 Nd7 23. Bf2 Ne6 24. Nhf1 Nd4 25. Qd3 Bxa4 26. Ne3 Nb6 27. b3 Bd7 28. Nd5 Qd6 29. Nf1 Nxd5 30. cxd5 Bb5 31. Qd2 a4 0-1

[Event "Cappelle op 27th"]
[Site "Cappelle la Grande"]
[Date "2011.02.28"]
[Round "4"]
[White "Marechal, Andy"]
[Black "Dessenne, Francois"]
[Result "1-0"]
[WhiteElo "2326"]
[BlackElo "2065"]
[PlyCount "82"]
[EventDate "2011.02.26"]
[EventType "swiss"]
[EventRounds "9"]
[EventCountry "FRA"]
[SourceTitle "CBM 141 Extra"]
[Source "ChessBase"]
[SourceDate "2011.05.03"]
[SourceVersion "1"]
[SourceVersionDate "2011.05.03"]
[SourceQuality "1"]

1. e4 c5 2. Nc3 a6 3. g3 b5 4. Bg2 Bb7 5. d3 b4 6. Nb1 g6 7. f4 Bg7 8. Nf3 e6 9. Qe2 Ne7 10. 0-0 Nbc6 11. Nbd2 0-0 12. e5 d6 13. Nc4 Nf5 14. Qf2 Ncd4 15. Nxd4 Bxg2 16. Kxg2 cxd4 17. g4 Ne3+ 18. Bxe3 dxe3 19. Qxe3 dxe5 20. fxe5 Qd5+ 21. Qf3 Rac8 22. Rae1 Rfd8 23. Re4 Rc7 24. Rf2 a5 25. b3 Rf8 26. g5 a4 27. Ne3 Qd8 28. Qf4 axb3 29. axb3 Rc5 30. Nc4 Qa8 31. Qf3 Qd5 32. h4 Qd8 33. Kh3 Qc7 34. Qe3 Rd5 35. Re2 Rfd8 36. Re1 Ra8 37. Qb6 Qd7 38. Qxb4 Bf8 39. Qd2 Rb8 40. Qf4 Bc5 41. Ne3 Bb4 1-0

[Event "FRA-chT2 1011"]
[Site "France"]
[Date "2010.10.17"]
[Round "1.4"]
[White "Dessenne, Francois"]
[Black "Friess, Nicolas"]
[Result "0-1"]
[WhiteElo "2071"]
[BlackElo "2297"]
[PlyCount "66"]
[EventDate "2010.10.17"]
[EventType "team-tourn"]
[EventRounds "11"]
[EventCountry "FRA"]
[SourceTitle "EXT 2012"]
[Source "ChessBase"]
[SourceDate "2011.11.24"]
[SourceVersion "1"]
[SourceVersionDate "2011.11.24"]
[SourceQuality "1"]

1. e4 e6 2. d4 d5 3. Nd2 Be7 4. Bd3 c5 5. dxc5 Nf6 6. Qe2 0-0 7. Ngf3 a5 8. 0-0 Na6 9. e5 Nd7 10. c3 Naxc5 11. Bc2 b6 12. Re1 f6 13. exf6 Bxf6 14. Nb3 Ba6 15. Qe3 g6 16. Qh6 Qe7 17. Nbd4 e5 18. Nc6 Qf7 19. Bg5 Rae8 20. Rad1 e4 21. Bxf6 Qxf6 22. Ng5 Qxf2+ 23. Kh1 Nf6 24. Nd4 Re7 25. b4 Ng4 26. Qh3 Qf4 27. Kg1 Qxg5 28. bxc5 Nf2 29. Qg3 Qxg3 30. hxg3 Nxd1 31. Rxd1 e3 32. cxb6 e2 33. Nxe2 Rxe2 0-1

[Event "Avoine op 25th"]
[Site "Avoine"]
[Date "2010.07.24"]
[Round "8"]
[White "Monpeurt, Fabien"]
[Black "Dessenne, Francois"]
[Result "0-1"]
[WhiteElo "1866"]
[BlackElo "1771"]
[PlyCount "82"]
[EventDate "2010.07.17"]
[EventType "swiss"]
[EventRounds "9"]
[EventCountry "FRA"]
[SourceTitle "EXT 2011"]
[Source "ChessBase"]
[SourceDate "2010.11.26"]
[SourceVersion "1"]
[SourceVersionDate "2010.11.26"]
[SourceQuality "1"]

1. e4 c5 2. Nf3 Nc6 3. d4 cxd4 4. Nxd4 Nf6 5. Nc3 g6 6. Nxc6 bxc6 7. e5 Ng8 8. Be3 Bg7 9. f4 d5 10. Qd2 e6 11. 0-0-0 Ne7 12. Bc5 0-0 13. g4 g5 14. Bd3 Ng6 15. Bxg6 fxg6 16. Bxf8 Qxf8 17. fxg5 Rb8 18. a3 Bxe5 19. Rhf1 Qe7 20. Rf3 Qb7 21. b3 Qe7 22. Nb1 Ba6 23. Qe3 Bg7 24. Rf6 Bxf6 25. gxf6 Qxf6 26. Qxa7 Qf4+ 27. Kb2 Be2 28. Qd4 e5 29. Qxf4 exf4 30. Re1 Bxg4 31. Nd2 Kf7 32. Rf1 g5 33. h4 Kf6 34. Rg1 h5 35. hxg5+ Kf5 36. c4 f3 37. Kc3 Kf4 38. Nxf3 Kxf3 39. Rf1+ Ke3 40. Rf6 d4+ 41. Kb2 d3 0-1

[Event "Avoine op 25th"]
[Site "Avoine"]
[Date "2010.07.23"]
[Round "7"]
[White "Dessenne, Francois"]
[Black "Inkiov, Ventzislav"]
[Result "0-1"]
[WhiteElo "2063"]
[BlackElo "2474"]
[PlyCount "118"]
[EventDate "2010.07.17"]
[EventType "swiss"]
[EventRounds "9"]
[EventCountry "FRA"]
[SourceTitle "EXT 2011"]
[Source "ChessBase"]
[SourceDate "2010.11.26"]
[SourceVersion "1"]
[SourceVersionDate "2010.11.26"]
[SourceQuality "1"]

1. e4 c5 2. Nf3 d6 3. d4 cxd4 4. Nxd4 Nf6 5. Nc3 Nc6 6. Bc4 e6 7. Be3 a6 8. Qe2 Qc7 9. 0-0-0 Na5 10. Bd3 b5 11. g4 b4 12. Nb1 Bb7 13. Nd2 d5 14. f3 dxe4 15. fxe4 Be7 16. g5 Nd7 17. Rhg1 Nc5 18. b3 g6 19. Kb1 e5 20. N4f3 0-0 21. Rc1 Rfd8 22. h4 Nc6 23. Nc4 Na5 24. Ncd2 Nxd3 25. cxd3 Qd6 26. d4 exd4 27. Bxd4 Nc6 28. Bc5 Qe6 29. Qc4 Qxc4 30. Rxc4 Bxc5 31. Rxc5 Nd4 32. Re1 Nb5 33. Kc2 Na3+ 34. Kb2 Rd3 35. Rc7 Bc8 36. Rf1 Be6 37. Nc4 Nxc4+ 38. bxc4 Rf8 39. Rf2 a5 40. Ra7 Re3 41. Nd2 Rh3 42. Rxa5 Rxh4 43. Rb5 Rg4 44. Kb3 Ra8 45. Kxb4 Rxa2 46. Ra5 Rb2+ 47. Kc3 Rb8 48. Rf3 Rg1 49. Rf1 Rg2 50. Rf3 Rc8 51. Re5 Rg1 52. c5 Rc1+ 53. Kd4 Rc2 54. Rd3 Kg7 55. Rxe6 fxe6 56. Nc4 Rc1 57. Rf3 Ra1 58. Ke5 Rxc5+ 59. Kxe6 Rxc4 0-1

[Event "FRA-chT2 Nord 0708"]
[Site "France"]
[Date "2008.03.15"]
[Round "8.5"]
[White "Dessenne, Francois"]
[Black "Giroux, Fabrice"]
[Result "1/2-1/2"]
[WhiteElo "2082"]
[BlackElo "2165"]
[PlyCount "107"]
[EventDate "2007.10.21"]
[EventType "team"]
[EventRounds "11"]
[EventCountry "FRA"]
[SourceTitle "EXT 2009"]
[Source "ChessBase"]
[SourceDate "2008.11.26"]
[SourceVersion "1"]
[SourceVersionDate "2008.11.26"]
[SourceQuality "1"]
[WhiteTeam "Neuville en Ferrain"]
[BlackTeam "JEEN"]
[WhiteTeamCountry "FRA"]
[BlackTeamCountry "FRA"]

1. e4 e6 2. d4 d5 3. Nd2 Nf6 4. e5 Nfd7 5. Bd3 c5 6. c3 Nc6 7. Ne2 cxd4 8. cxd4 f6 9. exf6 Nxf6 10. Nf3 Bd6 11. 0-0 Qc7 12. Nc3 a6 13. Bg5 0-0 14. Rc1 Nh5 15. Ne5 Nf4 16. Bxf4 Rxf4 17. g3 Rf6 18. f4 Qb6 19. Nxc6 bxc6 20. Rf2 g6 21. Bf1 Bd7 22. Na4 Qa7 23. Nc5 Bc8 24. Qa4 Qb6 25. Rc3 e5 26. fxe5 Rxf2 27. Kxf2 Bxc5 28. Rxc5 Qxb2+ 29. Rc2 Qa1 30. Qxc6 Qxd4+ 31. Kg2 Kg7 32. Qf6+ Kh6 33. Qf8+ Kh5 34. Be2+ Bg4 35. Bxg4+ Qxg4 36. Qxa8 Qe4+ 37. Kf1 Qxc2 38. Qxd5 Qc1+ 39. Ke2 Qc2+ 40. Ke3 Qxh2 41. Qf3+ Kh6 42. Qf8+ Kh5 43. Qf4 Qg1+ 44. Ke4 Qb1+ 45. Kd4 Qb2+ 46. Kc5 Qb5+ 47. Kd6 Qb6+ 48. Ke7 Qc7+ 49. Kf6 Qd8+ 50. Kg7 Qe7+ 51. Kg8 Qe8+ 52. Kxh7 Qe7+ 53. Kg8 Qe8+ 54. Kg7 1/2-1/2

[Event "Avoine op 22nd"]
[Site "Avoine"]
[Date "2007.07.21"]
[Round "1"]
[White "Shirazi, Kamran"]
[Black "Dessenne, Francois"]
[Result "1-0"]
[WhiteElo "2401"]
[BlackElo "2087"]
[PlyCount "69"]
[EventDate "2007.07.21"]
[EventType "swiss"]
[EventRounds "9"]
[EventCountry "FRA"]
[SourceTitle "EXT 2010"]
[Source "ChessBase"]
[SourceDate "2010.11.25"]
[SourceVersion "1"]
[SourceVersionDate "2010.11.25"]
[SourceQuality "1"]

1. e4 c5 2. Nf3 Nc6 3. d4 cxd4 4. c3 Qa5 5. b4 Qc7 6. b5 Ne5 7. Nxe5 Qxe5 8. cxd4 Qxe4+ 9. Be3 e5 10. Nd2 Bb4 11. Qb3 Bxd2+ 12. Kxd2 Ne7 13. Bd3 Qh4 14. dxe5 0-0 15. g3 Qh5 16. Bc5 d6 17. Bxd6 Be6 18. Qa3 Nf5 19. Bxf8 Rxf8 20. Rad1 Rc8 21. Be2 Qh3 22. Ke1 h5 23. Qf3 Rc5 24. Qxb7 Kh7 25. Qe4 g6 26. a3 Ne7 27. Rd8 Nd5 28. Bd3 Bf5 29. Qd4 Rc1+ 30. Kd2 Rxh1 31. Qxd5 Rxh2 32. Qxf7+ Kh6 33. Rh8+ Kg5 34. Qf6+ Kg4 35. Be2# 1-0

[Event "Herlies op 9th"]
[Site "Herlies"]
[Date "2004.04.20"]
[Round "6"]
[White "Dessenne, Francois"]
[Black "Renard, Stephane"]
[Result "1/2-1/2"]
[WhiteElo "1990"]
[BlackElo "1967"]
[PlyCount "109"]
[EventDate "2004.04.17"]
[EventType "swiss"]
[EventRounds "7"]
[EventCountry "FRA"]
[SourceTitle "EXT 2020"]
[Source "ChessBase"]
[SourceDate "2019.10.17"]
[SourceVersion "1"]
[SourceVersionDate "2019.10.17"]
[SourceQuality "1"]

1. e4 c5 2. Nf3 Nc6 3. Nc3 d6 4. d4 cxd4 5. Nxd4 e5 6. Nxc6 bxc6 7. Bc4 Nf6 8. 0-0 Be7 9. Bg5 0-0 10. Qd2 Kh8 11. Rad1 Ne8 12. f4 Bxg5 13. fxg5 Qe7 14. Ne2 Be6 15. Bb3 Rd8 16. Ng3 g6 17. c4 f6 18. Qe3 f5 19. exf5 gxf5 20. c5 Bxb3 21. cxd6 Nxd6 22. Qxb3 f4 23. Nh5 Qxg5 24. Qe6 Rfe8 25. Qh3 Nc4 26. Rc1 Ne3 27. Nf6 Qxf6 28. Qxe3 fxe3 29. Rxf6 Rd2 30. Re1 Rxb2 31. Rxc6 Rxa2 32. Rc3 e2 33. Re3 Re7 34. R3xe2 Rxe2 35. Rxe2 Kg7 36. Kf2 Kf6 37. Ra2 Kf5 38. Ke3 Rb7 39. Ra3 Ke6 40. Ra6+ Kf5 41. Ra3 Rc7 42. h3 Re7 43. Ra5 Ke6 44. Ke4 Kd6 45. g4 Kc6 46. g5 Kb6 47. Rxe5 Rxe5+ 48. Kxe5 Kc5 49. h4 a5 50. Ke4 a4 51. Kd3 Kd5 52. h5 Ke6 53. g6 hxg6 54. hxg6 Kf6 55. Kc3 1/2-1/2

[Event "Nord Pas de Cal-chT"]
[Site "Lille"]
[Date "2004.??.??"]
[Round "5.7"]
[White "Turpin, Nicolas"]
[Black "Dessenne, Francois"]
[Result "0-1"]
[WhiteElo "1910"]
[BlackElo "1990"]
[PlyCount "60"]
[EventDate "2004.04.??"]
[EventType "team-swiss"]
[EventRounds "7"]
[EventCountry "FRA"]
[SourceTitle "EXT 2005"]
[Source "ChessBase"]
[SourceDate "2004.11.15"]
[SourceVersion "1"]
[SourceVersionDate "2004.11.15"]
[SourceQuality "1"]

1. c3 d5 2. g3 e5 3. Bg2 Nf6 4. d3 c6 5. Qc2 Be6 6. Nd2 Bc5 7. h3 0-0 8. Ngf3 Nbd7 9. e4 dxe4 10. dxe4 h6 11. 0-0 Qc7 12. b4 Be7 13. Bb2 c5 14. b5 c4 15. Ne1 Nc5 16. Ba3 Rfd8 17. Bxc5 Bxc5 18. Nef3 Rd3 19. Kh2 Rad8 20. a4 Bb6 21. Rae1 g5 22. Nb1 g4 23. Nh4 gxh3 24. Bxh3 Bxh3 25. Kxh3 Qd7+ 26. Kg2 Qg4 27. Nf5 Qf3+ 28. Kh3 Nxe4 29. Nxh6+ Kg7 30. Qc1 Nxf2+ 0-1